000 00955cam a2200277 a 4500
001 2577634
005 20161201115203.0
008 960422s1997 nyua b 001 0 eng
010 _a 96002841
020 _a0471520195 (cloth : alk. paper)
020 _a9780471520191
082 0 0 _a621.3815
_222
_bROH
100 1 _aRohde, Ulrich L.
_933158
245 1 0 _aMicrowave and Wireless Synthesizers :
_bTheory and Design /
_cUlrich L. Rohde.
260 _aNew York :
_bWiley,
_cc1997.
300 _axvii, 638 p. :
_bill. ;
_c27 cm.
500 _a"A Wiley-Interscience publication."
504 _aIncludes bibliographical references and index.
650 0 _aFrequency synthesizers
_xDesign and construction.
_933159
650 0 _aDigital electronics.
_933161
650 0 _aMicrowave circuits
_xDesign and construction.
_933157
650 0 _aRadio frequency.
_933162
653 _bEle
_cMay2013
650 0 _933160
_aPhase-locked loops
942 _2ddc
_cBB
999 _c17451
_d17423